Essentials of dental radiography and radiology

Saved in:
Bibliographic Details
Main Author: WHAITES, Eric
Format: Book
Language:English
Published: Elsevier 2013
Tags: Add Tag
No Tags, Be the first to tag this record!

MARC

LEADER 00000nam a22000007a 4500
008 201215b ||||| |||| 00| 0 eng d
020 |a 978-0-7020-4599-8 
100 |a WHAITES, Eric 
245 |a Essentials of dental radiography and radiology  |c Eric Whaites, Nicholas Drage  |g x, 478p.; ill. 
250 |b 5th ed. 
260 |b Elsevier  |c 2013  |h Edinburgh, New York:  |i 685073   |l RK309 .W55  |m Teeth – Radiography  |m Radiography, Dental. 
500 |a It includes bibliographical references and index 
942 |a lcc  |c BK  |e ADEYEYE Y. S.  |f 15/12/2020 
952 |0 0  |1 0  |2 lcc  |4 0  |6 RK0309 W55  |7 0  |9 512  |a HOL  |b HOL  |c QZ  |d 2020-12-15  |l 0  |o RK309 .W55   |p 2020-2238  |r 2020-12-15 00:00:00  |w 2020-12-15  |y BK 
999 |c 271  |d 271